000 00380nam a22001577a 4500
003 OSt
008 250213b |||||||| |||| 00| 0 eng d
020 _a9780000988973
082 _a005.7
_bPAP
100 _aPAL, Amita
245 _aPattern Recognition and Big Data
260 _aSingapore,
_bWorld Scientific:
_c2020.
300 _a855p.
650 _aMCA
942 _2ddc
_cBK
999 _c13124
_d13124